[Event "AUTO-INT-2227"]
[Site "http://www.queenalice.com/game.php?id=1021139"]
[Date "2012.1.30"]
[Round "1"]
[White "LeandroMontalvao"]
[Black "LeroyClark"]
[Result "1-0"]
[WhiteElo "1864"]
[BlackElo "1272"]

1. e4 c5 2. Nf3 g6 3. Bc4 Bg7 4. O-O Nc6 5. c3 d6 6. d4 e6 7. Be3 cxd4 8. cxd4
e5 9. dxe5 Nxe5 10. Nxe5 Bxe5 11. Qf3 Nf6 12. Nc3 O-O 13. Bh6 Ng4 14. Bf4 Be6
15. Bxe6 fxe6 16. Qxg4 Bxf4 17. Qxe6+ Kg7 18. Nd5 Bxh2+ 19. Kxh2 Qh4+ 20. Kg1
Rae8 21. Qxd6 Rxe4 22. Rac1 1-0

[Event "AUTO-INT-2227"]
[Site "http://www.queenalice.com/game.php?id=1021140"]
[Date "2012.1.30"]
[Round "1"]
[White "LeroyClark"]
[Black "murgu"]
[Result "0-1"]
[WhiteElo "1272"]
[BlackElo "1810"]

1. b3 e5 2. Bb2 Nc6 3. e3 d5 4. Nf3 e4 5. Ne5 Nxe5 6. Bxe5 Nf6 7. d3 Bd6 8. d4
Bxe5 9. dxe5 Ng4 10. Qd4 Qh4 11. g3 Qg5 12. c4 Qf5 13. f3 Qxf3 14. Qd2 Qxh1 15.
Qg2 Qxg2 16. Bxg2 Nxe3 17. Nc3 Nc2+ 18. Kd2 Nxa1 19. Nxd5 O-O 0-1

[Event "AUTO-INT-2227"]
[Site "http://www.queenalice.com/game.php?id=1021141"]
[Date "2012.1.30"]
[Round "1"]
[White "murgu"]
[Black "LeroyClark"]
[Result "1-0"]
[WhiteElo "1842"]
[BlackElo "1272"]

1. Nf3 c5 2. c4 Nc6 3. Nc3 e5 4. g3 g6 5. Bg2 Bg7 6. Rb1 Nge7 7. O-O a5 8. d3 d6
9. a3 b6 10. Ne1 Bb7 11. f4 1-0

[Event "AUTO-INT-2227"]
[Site "http://www.queenalice.com/game.php?id=1021142"]
[Date "2012.1.30"]
[Round "1"]
[White "LeroyClark"]
[Black "Rabbit"]
[Result "0-1"]
[WhiteElo "1268"]
[BlackElo "1472"]

1. b3 e5 2. Bb2 d6 3. e3 Nf6 4. d3 g6 5. Nd2 Bg7 6. Ngf3 O-O 7. c4 c6 8. d4 e4
9. Ng5 d5 10. c5 Re8 11. Be2 Nbd7 0-1

[Event "OS INCXLIVEIS"]
[Site "http://www.queenalice.com/game.php?id=1061816"]
[Date "2012.5.20"]
[Round "-"]
[White "adelio"]
[Black "LeroyClark"]
[Result "1-0"]
[WhiteElo "1719"]
[BlackElo "1268"]

1. d4 g6 2. d5 Bg7 3. e4 Nf6 4. e5 Nxd5 5. c4 Nb4 6. a3 N4c6 7. Bf4 Nxe5 8. Nc3
d6 9. g3 Be6 10. Bg2 Nbc6 11. h3 Nxc4 12. Bxc6+ Bd7 13. Bxd7+ Qxd7 14. Qe2 1-0

[Event "AUTO-INT-2622"]
[Site "http://www.queenalice.com/game.php?id=1176682"]
[Date "2013.4.29"]
[Round "1"]
[White "LeroyClark"]
[Black "MePa"]
[Result "0-1"]
[WhiteElo "1257"]
[BlackElo "1686"]

1. b3 e5 2. Bb2 Nc6 3. e3 Nf6 4. c4 Bc5 5. a3 O-O 6. b4 Be7 7. d3 d5 8. b5 Na5
9. Bc3 b6 10. Be2 Bb7 11. Bxe5 Re8 12. Nf3 dxc4 13. dxc4 c6 14. bxc6 Bxc6 15.
O-O Ne4 16. Bd3 Bf6 17. Bd4 Nb7 18. Nc3 Nxc3 19. Qd2 Bxf3 20. Bxc3 Bxc3 0-1

[Event "AUTO-INT-2622"]
[Site "http://www.queenalice.com/game.php?id=1176683"]
[Date "2013.4.29"]
[Round "1"]
[White "MePa"]
[Black "LeroyClark"]
[Result "1-0"]
[WhiteElo "1688"]
[BlackElo "1255"]

1. e4 d5 2. exd5 Qxd5 3. Nc3 Qd6 4. Nf3 Nf6 5. Bc4 a6 6. O-O b5 7. Bb3 e6 8. d4
Be7 9. Re1 O-O 10. Bg5 Nc6 11. Qd3 Bb7 12. Rad1 Rfe8 13. a3 b4 14. axb4 Ng4 15.
h3 Nxb4 16. Bxe7 Rxe7 17. Qe2 Bxf3 18. Qxf3 Nd5 19. Nxd5 exd5 20. Qxg4 1-0

[Event "AUTO-INT-2622"]
[Site "http://www.queenalice.com/game.php?id=1176684"]
[Date "2013.4.29"]
[Round "1"]
[White "LeroyClark"]
[Black "italomachado"]
[Result "0-1"]
[WhiteElo "1272"]
[BlackElo "1477"]

1. b3 e5 2. Bb2 Qf6 3. Nf3 e4 4. Bxf6 gxf6 5. Nd4 Bc5 6. Nb5 a6 7. Nxc7+ Kf8 8.
Nxa8 Nh6 9. e3 d5 10. Be2 Nf5 11. Bg4 Nh4 12. O-O Bxg4 13. Qxg4 Nxg2 14. Qc8+
Kg7 15. Qxc5 Nh4 16. Qxd5 Nf3+ 17. Kg2 Nh4+ 18. Kg3 Ng6 19. Qxe4 Nc6 20. Nb6
Nce5 21. d4 f5 22. Qxf5 h5 23. dxe5 Re8 24. f4 h4+ 0-1

[Event "AUTO-INT-2622"]
[Site "http://www.queenalice.com/game.php?id=1176685"]
[Date "2013.4.29"]
[Round "1"]
[White "italomachado"]
[Black "LeroyClark"]
[Result "1-0"]
[WhiteElo "1485"]
[BlackElo "1264"]

1. e4 d5 2. e5 c5 3. Bb5+ Bd7 4. a4 a6 5. Bd3 e6 6. Be2 Ne7 7. Nf3 Nbc6 8. Ng5
Nxe5 9. O-O Nf5 10. d3 Be7 11. Nf3 Bf6 12. c3 O-O 13. g4 Nxg4 14. Ne1 Ne5 15. d4
cxd4 16. cxd4 Nc4 17. Bxc4 dxc4 18. Qg4 h6 19. f3 Nxd4 20. Nc3 Nb3 21. Rb1 Nxc1
22. Rxc1 b5 23. Ne4 Bxb2 24. Rd1 1-0

[Event "AUTO-INT-2622"]
[Site "http://www.queenalice.com/game.php?id=1176686"]
[Date "2013.4.29"]
[Round "1"]
[White "LeroyClark"]
[Black "kanibal"]
[Result "0-1"]
[WhiteElo "1253"]
[BlackElo "1563"]

1. b3 e5 2. Bb2 Nc6 3. e3 Bc5 4. Bc4 Nf6 5. d4 exd4 6. Bxd4 Bxd4 7. exd4 O-O 8.
Nf3 d6 9. O-O Bg4 10. Nbd2 Nxd4 11. Qb1 d5 12. Bd3 Bxf3 0-1

[Event "AUTO-INT-2622"]
[Site "http://www.queenalice.com/game.php?id=1176687"]
[Date "2013.4.29"]
[Round "1"]
[White "kanibal"]
[Black "LeroyClark"]
[Result "1-0"]
[WhiteElo "1567"]
[BlackElo "1249"]

1. e4 d5 2. e5 c5 3. c4 d4 4. d3 e6 5. Nf3 Ne7 6. Be2 g6 7. O-O Bg7 8. Qa4+ Bd7
9. Qb3 b6 10. Bg5 Qc7 11. Bxe7 Kxe7 12. Ng5 1-0

[Event "AUTO-BEG-615"]
[Site "http://www.queenalice.com/game.php?id=1310213"]
[Date "2014.9.24"]
[Round "1"]
[White "LeroyClark"]
[Black "sorim1"]
[Result "0-1"]
[WhiteElo "1206"]
[BlackElo "1314"]

1. b3 e5 2. Bb2 Nc6 3. e3 Nf6 4. Bb5 d6 5. Ne2 Bd7 6. O-O Be7 7. f4 a6 8. Bxc6
Bxc6 9. c4 Nd7 10. Nbc3 O-O 11. Nd5 Nb6 12. Nxb6 cxb6 13. fxe5 dxe5 14. Bxe5 Re8
15. d3 Bg5 0-1

[Event "AUTO-BEG-615"]
[Site "http://www.queenalice.com/game.php?id=1310214"]
[Date "2014.9.24"]
[Round "1"]
[White "sorim1"]
[Black "LeroyClark"]
[Result "1-0"]
[WhiteElo "1300"]
[BlackElo "1206"]

1. d4 Nf6 2. c4 e6 3. Nf3 d5 4. e3 dxc4 5. Bxc4 c5 6. O-O a6 7. a4 Nc6 8. Nc3
Be7 9. Ne5 cxd4 10. exd4 Nxd4 11. Be3 Nc6 12. Nxc6 bxc6 13. Qb3 Bd7 14. Rad1 O-O
15. Bb6 1-0

[Event "AUTO-BEG-615"]
[Site "http://www.queenalice.com/game.php?id=1310215"]
[Date "2014.9.24"]
[Round "1"]
[White "LeroyClark"]
[Black "antonio_mz"]
[Result "0-1"]
[WhiteElo "1231"]
[BlackElo "1278"]

1. b3 e5 2. Bb2 Nc6 3. e3 Nf6 4. c4 d5 5. cxd5 Nxd5 6. a3 Bc5 7. Qc2 Bb6 8. Bb5
Bd7 9. Bxc6 Bxc6 10. Bxe5 O-O 11. Nc3 Nxc3 12. f3 Nd5 13. Ne2 f6 14. Bb2 Re8 15.
Bd4 Bxd4 16. Nxd4 Ne7 0-1

[Event "AUTO-BEG-615"]
[Site "http://www.queenalice.com/game.php?id=1310216"]
[Date "2014.9.24"]
[Round "1"]
[White "antonio_mz"]
[Black "LeroyClark"]
[Result "1-0"]
[WhiteElo "1263"]
[BlackElo "1246"]

1. d4 Nf6 2. Nc3 d5 3. Nf3 g6 4. Bf4 Bg7 5. e3 O-O 6. Be2 Nc6 7. a3 Bf5 8. Bd3
e6 9. Bxf5 exf5 10. Ne5 Ne4 11. Nxc6 bxc6 12. O-O Nxc3 13. bxc3 Rb8 14. Rb1 Rb5
15. c4 Ra5 16. Rb7 1-0

[Event "AUTO-BEG-615"]
[Site "http://www.queenalice.com/game.php?id=1310217"]
[Date "2014.9.24"]
[Round "1"]
[White "LeroyClark"]
[Black "LuisGabriel_HD"]
[Result "0-1"]
[WhiteElo "1217"]
[BlackElo "1100"]

1. b3 e5 2. Bb2 Nc6 3. e3 Nf6 4. Bb5 e4 5. d4 exd3 6. cxd3 Bb4+ 7. Nc3 d5 8. Nf3
O-O 9. O-O Bg4 10. h3 Bxf3 11. Qxf3 d4 12. Ne4 Nxe4 13. Qxe4 dxe3 0-1

[Event "AUTO-BEG-615"]
[Site "http://www.queenalice.com/game.php?id=1310218"]
[Date "2014.9.24"]
[Round "1"]
[White "LuisGabriel_HD"]
[Black "LeroyClark"]
[Result "1-0"]
[WhiteElo "1129"]
[BlackElo "1217"]

1. e4 c5 2. Nc3 Nc6 3. Nf3 e6 4. Bb5 Nge7 5. d3 a6 6. Bxc6 Nxc6 7. Bg5 Be7 8.
Bxe7 Qxe7 9. O-O b5 10. e5 d6 11. exd6 Qxd6 12. Re1 1-0